000 00289nam a2200109Ia 4500
008 200302s9999 xx 000 0 und d
100 _aElizabeth Boults and Others
245 _aIllustrated history of landscape design
260 _bJohn Willey and Sons Inc.
260 _c2010
300 _a260
999 _c6534
_d6534